000
00288nam a2200109Ia 4500
008
220204s9999 xx 000 0 und d
082
_a
678(06)
_b
ALG
100
_a
Alger, Mark S M
245
0
_a
Classified index of reviews in polymer science
260
_a
England
_b
RAPRA
_c
1977
942
_c
BK
999
_c
34256
_d
34256